000 00701cam a22002295a 4500
001 L154892
008 120130s2011 xxko f 000 0 eng d
020 _a9781848062320
035 _a(Sirsi) u154892
041 0 _aeng
100 1 _aPaterson, Neil
245 0 0 _aAssessing the sustainability of office refurbishment with BREEAM
_ba case study
260 _aWatford
_bBRE
_c2011
300 _a12p.
_bill.
_c30cm.
490 0 _aBRE Information Paper
_v(19/11)
520 _aDemonstrates the use of BREEAM in an office fit-out project with a target rating of excellent/
521 _aAdvanced
590 _aKA
651 4 _aUnited Kingdom
_y
690 _aDesign and specification
942 _n0
999 _c113220
_d113220